All Dutch football teams - Statistics

General Stats
  • This quiz has been taken 41 times
  • The average score is 23 of 38
Answer Stats
Answer % Correct
Ajax
100%
PSV
100%
FC Groningen
94%
Feyenoord
94%
FC Twente
88%
FC Utrecht
88%
AZ
85%
Nac Breda
85%
SC Heerenveen
82%
NEC Nijmegen
79%
Vitesse
76%
Ado Den Haag
73%
Fortuna Sittard
73%
Sparta
67%
Excelsior
64%
Roda JC
64%
Almere City
61%
FC Den Bosch
58%
Pec Zwolle
58%
RKC Waalwijk
58%
FC Dordrecht
55%
FC Eindhoven
55%
FC Emmen
55%
VVV Venlo
55%
Go Ahead Eagles
52%
Heracles Almelo
52%
MVV Maastricht
48%
SC Cambuur
48%
De Graafschap
45%
FC Volendam
45%
Telstar
45%
Helmond Sport
39%
Jong PSV
39%
Top Oss
39%
Jong Ajax
36%
Jong AZ
30%
Willem ll
21%
Jong FC Utrecht
15%
No matching quizzes found
Score Distribution
Percent of People with Each Score
Percentile by Number Answered
Your Score History
You have not taken this quiz